000 00342nam a2200145Ia 4500
100 _aKeyes/Karl A.ed
942 _cBK
654 _aPress Working
245 _aPress Working: Stampings & Dies
260 _bSociety of Manufacturing Engineers
_aMichigan
_c1980
082 _a621.9
_bKey
300 _a255
546 _aENGLISH
999 _c35721
_d35721